| 000 | 00392nam a2200145Ia 4500 | ||
|---|---|---|---|
| 008 | 151213s9999 xx 000 0 und d | ||
| 100 | _aNashirvan H. Jhabvala | ||
| 245 |
_aThe Elements of Jurisprudence - 2009 _cNashirvan H. Jhabvala |
||
| 260 |
_aMumbai _bC. Jamnadas & Com. _c2007 |
||
| 300 | _a5938 p. | ||
| 650 | _aLaw | ||
| 650 | _aLaw | ||
| 700 | _aNashirvan H. Jhabvala | ||
| 999 |
_c3427 _d3427 |
||